[Event "AUT-chT 2324"]
[Site "Austria"]
[Date "2024.03.22"]
[Round "9.6"]
[White "Hoefelsauer, Thomas"]
[Black "Platzgummer, Fabian"]
[Result "1/2-1/2"]
[WhiteElo "2302"]
[BlackElo "2304"]
[PlyCount "77"]
[EventDate "2023.11.22"]
[EventType "team-tourn"]
[EventRounds "11"]
[EventCountry "AUT"]
[SourceTitle "CB13_2024"]
[SourceDate "2024.03.27"]
[SourceVersion "1"]
[SourceVersionDate "2024.03.27"]
[SourceQuality "1"]
[WhiteTeam "Raika Feffernitz"]
[BlackTeam "Mayrhofen/Zell/Zillertal"]
[WhiteTeamCountry "AUT"]
[BlackTeamCountry "AUT"]

1. d4 d5 2. Nf3 Nf6 3. c3 c6 4. Qc2 g6 5. h3 Bg7 6. Bf4 Qb6 7. Nbd2 c5 8. e3 Bf5 9. Qb3 c4 10. Qxb6 axb6 11. g4 Bc2 12. Rc1 Ba4 13. b3 cxb3 14. axb3 Bc6 15. Bd3 0-0 16. 0-0 b5 17. Ra1 Nbd7 18. Ne5 Rfc8 19. Rfb1 Nb6 20. c4 bxc4 21. Rxa8 Rxa8 22. bxc4 Nxc4 23. Nxc6 bxc6 24. Nxc4 dxc4 25. Bxc4 e6 26. Rc1 Nd5 27. Bg3 Bf8 28. Be2 Nb4 29. Bf3 Ra6 30. Rc4 Be7 31. Be5 Kf8 32. Bf6 Bxf6 33. Rxb4 Ra2 34. Rb1 Bh4 35. Rf1 Rc2 36. Be4 Rc4 37. Bd3 Rc3 38. Rd1 c5 39. dxc5 1/2-1/2

[Event "AUT-chT2W 2223"]
[Site "Austria"]
[Date "2023.04.23"]
[Round "11.2"]
[White "Kurapova, Olga"]
[Black "Platzgummer, Fabian"]
[Result "0-1"]
[WhiteElo "1945"]
[BlackElo "2326"]
[PlyCount "106"]
[EventDate "2022.09.23"]
[EventType "team-tourn"]
[EventRounds "11"]
[EventCountry "AUT"]
[SourceTitle "EXT 2024"]
[Source "ChessBase"]
[SourceDate "2023.10.10"]
[SourceVersion "1"]
[SourceVersionDate "2023.10.10"]
[SourceQuality "1"]
[WhiteTeam "Hohenems II"]
[BlackTeam "Mayrhofen/Zillertal"]
[WhiteTeamCountry "AUT"]
[BlackTeamCountry "AUT"]

1. e4 c5 2. Nf3 a6 3. g3 Nc6 4. Bg2 g6 5. d4 cxd4 6. Nxd4 Bg7 7. c3 d6 8. 0-0 Bd7 9. Be3 Nf6 10. h3 Qc8 11. Kh2 Ne5 12. Nd2 Nc4 13. Nxc4 Qxc4 14. Qd2 e5 15. b3 Qc7 16. Ne2 Bc6 17. Qd3 b5 18. Rfd1 Rd8 19. c4 0-0 20. Rac1 b4 21. a3 Qb7 22. f3 Ne8 23. Ra1 bxa3 24. Rxa3 f5 25. Nc3 Nc7 26. Nd5 Nxd5 27. exd5 Bd7 28. Qd2 Bc8 29. b4 f4 30. Bf2 h5 31. c5 Bh6 32. g4 e4 33. g5 Bxg5 34. fxe4 Bf6 35. cxd6 g5 36. Bd4 g4 37. Bxf6 Rxf6 38. e5 Rff8 39. Rc3 Qg7 40. Rc7 Qxe5 41. Qc3 Qxc3 42. Rxc3 Rxd6 43. Rc6 g3+ 44. Kg1 Rxc6 45. dxc6 f3 46. Bf1 Kg7 47. Rd5 Kh6 48. h4 Rf6 49. b5 axb5 50. Rg5 Rg6 51. Rxg6+ Kxg6 52. Bxb5 Bh3 53. Bf1 f2+ 0-1

[Event "Tirol Landesliga 2223"]
[Site "Austria"]
[Date "2023.02.11"]
[Round "5.1"]
[White "Tabernig, Bernhard"]
[Black "Platzgummer, Fabian"]
[Result "1/2-1/2"]
[WhiteElo "2310"]
[BlackElo "2324"]
[PlyCount "61"]
[EventDate "2022.10.01"]
[EventType "team-tourn"]
[EventRounds "9"]
[EventCountry "AUT"]
[SourceTitle "EXT 2024"]
[Source "ChessBase"]
[SourceDate "2023.10.10"]
[SourceVersion "1"]
[SourceVersionDate "2023.10.10"]
[SourceQuality "1"]
[WhiteTeam "Reutte"]
[BlackTeam "Rochade Rum"]
[WhiteTeamCountry "AUT"]
[BlackTeamCountry "AUT"]

1. d4 d5 2. Nf3 Nf6 3. e3 g6 4. Bd3 Bg7 5. 0-0 0-0 6. Nbd2 c5 7. b3 Bf5 8. Bxf5 gxf5 9. Bb2 Ne4 10. Ne5 Nc6 11. Nxc6 bxc6 12. Nxe4 fxe4 13. Qd2 cxd4 14. Bxd4 e5 15. Bc5 Re8 16. Rad1 Qc8 17. f3 Qf5 18. fxe4 Qxe4 19. Qf2 Qg6 20. Qf5 Red8 21. a4 Qxf5 22. Rxf5 Rd7 23. Kf1 Re8 24. Ke2 Re6 25. h3 Bf8 26. Bxf8 Kxf8 27. Rh5 h6 28. Rf1 Kg7 29. g4 Kg6 30. Rhf5 a5 31. Rd1 1/2-1/2

[Event "AUT-chT2W 2122"]
[Site "Austria"]
[Date "2022.03.12"]
[Round "10.2"]
[White "Goetz, Siegmar"]
[Black "Platzgummer, Fabian"]
[Result "0-1"]
[WhiteElo "2013"]
[BlackElo "2324"]
[PlyCount "80"]
[EventDate "2021.10.15"]
[EventType "team-tourn"]
[EventRounds "11"]
[EventCountry "AUT"]
[SourceTitle "EXT 2023"]
[Source "ChessBase"]
[SourceDate "2022.10.05"]
[SourceVersion "1"]
[SourceVersionDate "2022.10.05"]
[SourceQuality "1"]
[WhiteTeam "Hoerbranz"]
[BlackTeam "Mayrhofen/Zillertal"]
[WhiteTeamCountry "AUT"]
[BlackTeamCountry "AUT"]

1. e4 c5 2. b3 Nc6 3. Bb2 a6 4. f4 d5 5. exd5 Qxd5 6. Qf3 Qd6 7. Qg3 Nf6 8. Be5 Nxe5 9. fxe5 Qd4 10. c3 Qe4+ 11. Be2 Ng4 12. Na3 Qxe5 13. Qxe5 Nxe5 14. Nf3 Nxf3+ 15. Bxf3 Rb8 16. Nc4 b5 17. Bc6+ Bd7 18. Bxd7+ Kxd7 19. Ne5+ Ke8 20. a4 b4 21. c4 f6 22. Nf3 Rd8 23. Ke2 g6 24. Rad1 e5 25. d3 Bh6 26. h4 Bf4 27. h5 Kf7 28. Kf2 Kg7 29. g3 Bh6 30. Ke2 Rhe8 31. hxg6 hxg6 32. g4 Bf4 33. Kf2 Rd7 34. Rh3 e4 35. Rdh1 Rxd3 36. Rh7+ Kf8 37. Rh8+ Ke7 38. R1h7+ Kd8 39. Rxe8+ Kxe8 40. Nh4 Rh3 0-1

[Event "AUT-chT2W 2122"]
[Site "Austria"]
[Date "2022.02.20"]
[Round "5.4"]
[White "Platzgummer, Fabian"]
[Black "Mueller, Philipp1111"]
[Result "1-0"]
[WhiteElo "2324"]
[BlackElo "2230"]
[PlyCount "63"]
[EventDate "2021.10.15"]
[EventType "team-tourn"]
[EventRounds "11"]
[EventCountry "AUT"]
[SourceTitle "EXT 2023"]
[Source "ChessBase"]
[SourceDate "2022.10.05"]
[SourceVersion "1"]
[SourceVersionDate "2022.10.05"]
[SourceQuality "1"]
[WhiteTeam "Mayrhofen/Zillertal"]
[BlackTeam "Salzburg Royal"]
[WhiteTeamCountry "AUT"]
[BlackTeamCountry "AUT"]

1. Nf3 Nf6 2. g3 e6 3. Bg2 d5 4. 0-0 Be7 5. d4 0-0 6. c4 dxc4 7. Qc2 b5 8. a4 c6 9. axb5 cxb5 10. Ng5 h6 11. Bxa8 hxg5 12. Bxg5 Na6 13. Nc3 Nb4 14. Qd2 a5 15. Bf3 Bd7 16. Rfd1 Qb6 17. Ne4 Bc6 18. Nxf6+ gxf6 19. Bh6 Rd8 20. Bxc6 Nxc6 21. Qf4 Rxd4 22. Rxd4 Qxd4 23. Qxd4 Nxd4 24. Rxa5 b4 25. Be3 e5 26. Ra8+ Kg7 27. Bxd4 exd4 28. Rc8 c3 29. b3 f5 30. Rc4 Bg5 31. f4 Be7 32. Kf1 1-0

[Event "AUT-chT2W 2122"]
[Site "Austria"]
[Date "2021.10.15"]
[Round "1.3"]
[White "Gatterer, Florian"]
[Black "Platzgummer, Fabian"]
[Result "1/2-1/2"]
[WhiteElo "2177"]
[BlackElo "2324"]
[PlyCount "41"]
[EventDate "2021.10.15"]
[EventType "team-tourn"]
[EventRounds "11"]
[EventCountry "AUT"]
[SourceTitle "CBM 204 Extra"]
[Source "ChessBase"]
[SourceDate "2021.11.30"]
[SourceVersion "1"]
[SourceVersionDate "2021.11.30"]
[SourceQuality "1"]
[WhiteTeam "Rochade Rum"]
[BlackTeam "Mayrhofen/Zillertal"]
[WhiteTeamCountry "AUT"]
[BlackTeamCountry "AUT"]

1. d4 d5 2. Bf4 Nf6 3. e3 c5 4. Nd2 Nc6 5. Ngf3 cxd4 6. exd4 Bg4 7. c3 a6 8. Qb3 Na5 9. Qa4+ b5 10. Qc2 e6 11. a4 Bf5 12. Bd3 Bxd3 13. Qxd3 b4 14. 0-0 Bd6 15. Bxd6 Qxd6 16. b3 0-0 17. Rfc1 Nc6 18. c4 Rfd8 19. c5 Qf4 20. Re1 a5 21. g3 1/2-1/2

[Event "AUT-chT2W 2021"]
[Site "Austria"]
[Date "2020.10.11"]
[Round "3.4"]
[White "Ciolek, Andreas"]
[Black "Platzgummer, Fabian"]
[Result "0-1"]
[WhiteElo "2230"]
[BlackElo "2336"]
[PlyCount "66"]
[EventDate "2020.10.09"]
[EventType "team-tourn"]
[EventRounds "11"]
[EventCountry "AUT"]
[SourceTitle "CBM 199 Extra"]
[Source "ChessBase"]
[SourceDate "2021.01.31"]
[SourceVersion "1"]
[SourceVersionDate "2021.01.31"]
[SourceQuality "1"]
[WhiteTeam "Schach ohne Grenzen"]
[BlackTeam "Mayrhofen/Zillertal"]
[WhiteTeamCountry "AUT"]
[BlackTeamCountry "AUT"]

1. e4 c5 2. Be2 Nc6 3. f4 d5 4. d3 g6 5. Nf3 Bg4 6. 0-0 Bg7 7. c3 e6 8. Na3 Qd7 9. Nc2 0-0-0 10. Qe1 f5 11. e5 Nge7 12. Qf2 d4 13. c4 Bxf3 14. Bxf3 g5 15. g3 h5 16. b4 Nxb4 17. Nxb4 cxb4 18. Rb1 Nc6 19. a3 h4 20. axb4 hxg3 21. hxg3 gxf4 22. gxf4 Rdg8 23. Bg2 Bf8 24. b5 Qh7 25. Qf3 Nd8 26. Kf2 Qh4+ 27. Ke2 Qh2 28. Kf2 Be7 29. Rg1 Rg3 30. Qe2 Rhg8 31. Kf1 Rxg2 32. Qxg2 Rxg2 33. Rxg2 Qh1+ 0-1

[Event "AUT-ch Zwisch Internet"]
[Site "Playchess.com INT"]
[Date "2020.05.02"]
[Round "12"]
[White "Platzgummer, Fabian"]
[Black "Schwabeneder, Florian"]
[Result "1/2-1/2"]
[WhiteElo "2336"]
[BlackElo "2431"]
[PlyCount "153"]
[EventDate "2020.05.02"]
[EventType "swiss (blitz)"]
[EventRounds "13"]
[EventCountry "AUT"]
[SourceTitle "CBM 195 Extra"]
[Source "ChessBase"]
[SourceDate "2020.05.31"]
[SourceVersion "1"]
[SourceVersionDate "2020.05.31"]
[SourceQuality "1"]

1. Nf3 Nf6 2. g3 b6 3. Bg2 Bb7 4. 0-0 g6 5. c4 c5 6. Nc3 Bg7 7. d4 Ne4 8. Nxe4 Bxe4 9. d5 0-0 10. Bh3 Bxf3 11. exf3 e6 12. f4 Na6 13. Bg2 Rb8 14. Qa4 Qc8 15. Rd1 Bd4 16. Be3 Bxb2 17. Rab1 Bg7 18. dxe6 dxe6 19. Rd6 Bd4 20. Rd1 Nc7 21. Bxd4 cxd4 22. Qxa7 Ne8 23. R6xd4 Nf6 24. a4 Qc5 25. a5 Qxa5 26. Qxa5 bxa5 27. Ra1 Rfd8 28. Rxd8+ Rxd8 29. c5 Rd2 30. c6 Rc2 31. Bf3 Nd5 32. Bxd5 exd5 33. Rxa5 Rxc6 34. Rxd5 Kg7 35. f5 Rf6 36. fxg6 hxg6 37. g4 Ra6 38. Kg2 Ra4 39. Kg3 Ra3+ 40. f3 Ra4 41. h4 Rb4 42. h5 gxh5 43. Rxh5 Kg6 44. Ra5 Rc4 45. Ra6+ Kg7 46. Kh4 Rf4 47. Ra3 Rb4 48. Kh5 Rb5+ 49. g5 f6 50. Ra7+ Kg8 51. Kg6 Rxg5+ 52. Kxf6 Rb5 53. Ra8+ Kh7 54. f4 Rb6+ 55. Kg5 Kg7 56. Kf5 Kf7 57. Ra7+ Kf8 58. Rh7 Rc6 59. Kg5 Ra6 60. Rb7 Rc6 61. Rb8+ Kf7 62. f5 Ra6 63. Rb7+ Kf8 64. Rc7 Rb6 65. Rc1 Ra6 66. Rh1 Rb6 67. Rh7 Ra6 68. Rh4 Rb6 69. Re4 Ra6 70. Re6 Rxe6 71. fxe6 Ke7 72. Kf5 Ke8 73. Ke5 Ke7 74. Kd5 Ke8 75. Kd6 Kd8 76. e7+ Ke8 77. Ke6 1/2-1/2

[Event "AUT-ch Zwisch Internet"]
[Site "Playchess.com INT"]
[Date "2020.05.02"]
[Round "13"]
[White "Schreiner, Peter"]
[Black "Platzgummer, Fabian"]
[Result "1/2-1/2"]
[WhiteElo "2440"]
[BlackElo "2336"]
[PlyCount "26"]
[EventDate "2020.05.02"]
[EventType "swiss (blitz)"]
[EventRounds "13"]
[EventCountry "AUT"]
[SourceTitle "CBM 195 Extra"]
[Source "ChessBase"]
[SourceDate "2020.05.31"]
[SourceVersion "1"]
[SourceVersionDate "2020.05.31"]
[SourceQuality "1"]

1. d4 d5 2. c4 dxc4 3. Nf3 Nf6 4. Qa4+ c6 5. Qxc4 Bf5 6. g3 e6 7. Bg2 Be7 8. 0-0 0-0 9. e3 Nbd7 10. Qe2 Ne4 11. Nc3 Nxc3 12. bxc3 Be4 13. a4 c5 1/2-1/2

[Event "AUT-ch Zwisch Internet"]
[Site "Playchess.com INT"]
[Date "2020.05.02"]
[Round "10"]
[White "Shengelia, Davit"]
[Black "Platzgummer, Fabian"]
[Result "1/2-1/2"]
[WhiteElo "2544"]
[BlackElo "2336"]
[PlyCount "99"]
[EventDate "2020.05.02"]
[EventType "swiss (blitz)"]
[EventRounds "13"]
[EventCountry "AUT"]
[SourceTitle "CBM 195 Extra"]
[Source "ChessBase"]
[SourceDate "2020.05.31"]
[SourceVersion "1"]
[SourceVersionDate "2020.05.31"]
[SourceQuality "1"]

1. d4 d5 2. c4 dxc4 3. Nf3 Nf6 4. e3 Be6 5. Na3 c5 6. Bxc4 Bxc4 7. Nxc4 e6 8. 0-0 Nc6 9. Qb3 Rb8 10. Rd1 cxd4 11. Nxd4 Nxd4 12. Rxd4 Qc7 13. Qb5+ Qc6 14. Qxc6+ bxc6 15. b3 Bc5 16. Rd1 Ke7 17. Bb2 Rhd8 18. Ne5 Rxd1+ 19. Rxd1 Rc8 20. Rc1 Bb6 21. Nxc6+ Ke8 22. Kf1 h5 23. Ke2 Nd5 24. Rc4 f6 25. Nd4 Rxc4 26. bxc4 Nc7 27. Ba3 e5 28. Nf5 Ne6 29. c5 Bc7 30. Kd3 Kd7 31. Kc4 Bd8 32. Ng3 g6 33. Ne4 Kc6 34. f3 Nc7 35. Nd6 Nd5 36. Kd3 Be7 37. g3 Bxd6 38. cxd6 Nb6 39. Ke4 Nc4 40. Bb4 Nxd6+ 41. Bxd6 Kxd6 42. g4 h4 43. f4 Ke6 44. fxe5 fxe5 45. g5 h3 46. a3 a6 47. a4 a5 48. Kf3 Kf5 49. e4+ Kxg5 50. Kg3 1/2-1/2

[Event "AUT-ch Vor3 Internet"]
[Site "Playchess.com INT"]
[Date "2020.04.17"]
[Round "1"]
[White "Platzgummer, Fabian"]
[Black "Mayrhuber, Nikola"]
[Result "1/2-1/2"]
[WhiteElo "2336"]
[BlackElo "2025"]
[PlyCount "116"]
[EventDate "2020.04.17"]
[EventType "swiss (blitz)"]
[EventRounds "9"]
[EventCountry "AUT"]
[SourceTitle "CBM 195 Extra"]
[Source "ChessBase"]
[SourceDate "2020.05.31"]
[SourceVersion "1"]
[SourceVersionDate "2020.05.31"]
[SourceQuality "1"]

1. Nf3 d5 2. g3 Nf6 3. Bg2 e6 4. 0-0 Be7 5. c4 0-0 6. b3 c5 7. cxd5 Nxd5 8. Bb2 Nc6 9. Nc3 Bf6 10. Rc1 Nce7 11. e4 Bxc3 12. dxc3 Nf6 13. Qc2 Qc7 14. Rfd1 Bd7 15. e5 Nfd5 16. c4 Nb4 17. Qb1 Rfd8 18. Ng5 Ng6 19. h4 h6 20. h5 Nf8 21. Ne4 Bc6 22. a3 Bxe4 23. Bxe4 Nc6 24. f4 Rac8 25. Kh2 Nd4 26. Bxd4 Rxd4 27. Rxd4 cxd4 28. Qd3 Rd8 29. b4 a5 30. c5 b6 31. Rc4 axb4 32. axb4 bxc5 33. bxc5 Qa5 34. c6 Qa2+ 35. Kh3 Qa7 36. g4 Qc7 37. Rxd4 Rc8 38. Rd6 Qb6 39. g5 hxg5 40. fxg5 Qg1 41. Qg3 Qc5 42. h6 Ra8 43. hxg7 Kxg7 44. Qf4 Ra3+ 45. Rd3 Rxd3+ 46. Bxd3 Qxc6 47. Be4 Qc3+ 48. Kg4 Qb2 49. Qf6+ Kg8 50. g6 Qe2+ 51. Bf3 Qc4+ 52. Kg5 Nxg6 53. Kh6 Qc1+ 54. Kh5 Qc4 55. Bg4 Qe4 56. Bxe6 Qxe5+ 57. Qxe5 Nxe5 58. Bxf7+ Kxf7 1/2-1/2

[Event "AUT-ch Vor2 Internet"]
[Site "Playchess.com INT"]
[Date "2020.04.13"]
[Round "9"]
[White "Alvir, Aco"]
[Black "Platzgummer, Fabian"]
[Result "0-1"]
[WhiteElo "2355"]
[BlackElo "2336"]
[PlyCount "118"]
[EventDate "2020.04.13"]
[EventType "swiss (blitz)"]
[EventRounds "9"]
[EventCountry "AUT"]
[SourceTitle "CBM 195 Extra"]
[Source "ChessBase"]
[SourceDate "2020.05.31"]
[SourceVersion "1"]
[SourceVersionDate "2020.05.31"]
[SourceQuality "1"]

1. e4 c5 2. Nf3 d6 3. d4 cxd4 4. Nxd4 Nf6 5. Nc3 a6 6. Bg5 e6 7. f4 Nbd7 8. Qf3 Qc7 9. 0-0-0 b5 10. Bd3 Bb7 11. Rhe1 Be7 12. Qg3 b4 13. Nd5 exd5 14. e5 dxe5 15. fxe5 0-0-0 16. Nf5 Bc5 17. exf6 Qxg3 18. Nxg3 gxf6 19. Bh4 Rhg8 20. Rf1 Bd4 21. Nf5 Bc5 22. g3 Rde8 23. Rde1 Re6 24. Kd2 Rge8 25. Ng7 Rxe1 26. Rxe1 Re5 27. Bf5 Bc6 28. Bxh7 Bd4 29. Rxe5 fxe5 30. c3 bxc3+ 31. bxc3 Bg1 32. h3 Nc5 33. Bf6 Nd7 34. Bf5 e4 35. h4 e3+ 36. Ke2 Bb5+ 37. Bd3 Bxd3+ 38. Kxd3 Nxf6 39. h5 Kd7 40. h6 Nh7 41. Nf5 Ke6 42. Nxe3 Bxe3 43. Kxe3 Ke5 44. g4 Kf6 45. Kd4 Kg5 46. Kxd5 Kxh6 47. c4 Nf6+ 48. Kd6 Kg5 49. c5 Ne4+ 50. Kd5 Nxc5 51. Kxc5 Kxg4 52. Kb6 f5 53. Kxa6 f4 54. a4 f3 55. a5 f2 56. Kb7 f1Q 57. a6 Qb5+ 58. Ka7 Qc6 59. Kb8 Qxa6 0-1

[Event "AUT-ch Vor2 Internet"]
[Site "Playchess.com INT"]
[Date "2020.04.13"]
[Round "3"]
[White "Meglitsch, Konstantin"]
[Black "Platzgummer, Fabian"]
[Result "0-1"]
[WhiteElo "2041"]
[BlackElo "2336"]
[PlyCount "86"]
[EventDate "2020.04.13"]
[EventType "swiss (blitz)"]
[EventRounds "9"]
[EventCountry "AUT"]
[SourceTitle "CBM 195 Extra"]
[Source "ChessBase"]
[SourceDate "2020.05.31"]
[SourceVersion "1"]
[SourceVersionDate "2020.05.31"]
[SourceQuality "1"]

1. e4 c5 2. Nc3 d6 3. g3 Nc6 4. d3 g6 5. Be3 Bg7 6. Qd2 e6 7. Bg2 Nge7 8. Bh6 0-0 9. h4 Nd4 10. 0-0-0 Nec6 11. h5 Qe7 12. Bxg7 Kxg7 13. f4 b5 14. Nf3 b4 15. Ne2 Nxf3 16. Bxf3 e5 17. f5 g5 18. h6+ Kh8 19. f6 Qxf6 20. Rdf1 Qe7 21. Bh5 Be6 22. Kb1 a5 23. Ng1 a4 24. Nf3 f6 25. Nh2 b3 26. a3 bxc2+ 27. Qxc2 Nd4 28. Qf2 Bg8 29. Bg4 Qf7 30. Kc1 Rab8 31. Nf3 Qa2 32. Nxd4 cxd4 33. b4 axb3 34. Qxa2 bxa2 35. Kc2 Rb3 36. Ra1 Rfb8 37. Rhc1 Rc3+ 38. Kd2 Rb2+ 39. Ke1 Rxc1+ 40. Rxc1 Rb1 41. Kd2 a1Q 42. Bf5 Rxc1 43. Bxh7 Kxh7 0-1

[Event "AUT-ch Vor2 Internet"]
[Site "Playchess.com INT"]
[Date "2020.04.13"]
[Round "7"]
[White "Platzgummer, Fabian"]
[Black "Poetz, Florian"]
[Result "1/2-1/2"]
[WhiteElo "2336"]
[BlackElo "2422"]
[PlyCount "146"]
[EventDate "2020.04.13"]
[EventType "swiss (blitz)"]
[EventRounds "9"]
[EventCountry "AUT"]
[SourceTitle "CBM 195 Extra"]
[Source "ChessBase"]
[SourceDate "2020.05.31"]
[SourceVersion "1"]
[SourceVersionDate "2020.05.31"]
[SourceQuality "1"]

1. Nf3 d6 2. d4 Bg4 3. e4 Nf6 4. Nbd2 e6 5. Be2 Be7 6. 0-0 0-0 7. h3 Bh5 8. Re1 d5 9. e5 Nfd7 10. c3 c5 11. a3 Nc6 12. b4 cxd4 13. cxd4 Nb6 14. Bb2 a5 15. b5 Na7 16. a4 Rc8 17. Qb3 Qd7 18. Rec1 Rxc1+ 19. Rxc1 Rc8 20. Nf1 Bxf3 21. Bxf3 Rxc1 22. Bxc1 Qc7 23. Bd2 Nc4 24. Bc3 Nc8 25. Ne3 N8b6 26. Be2 h6 27. Be1 Nxe3 28. fxe3 Qc1 29. Qc3 Qxc3 30. Bxc3 Nxa4 31. Bxa5 Nb2 32. Bc3 Nc4 33. Kf2 Nb6 34. Kf3 f6 35. e4 dxe4+ 36. Kxe4 Nd5 37. Bd2 f5+ 38. Kd3 g5 39. Bf3 Kf7 40. g4 fxg4 41. hxg4 Ba3 42. Ba5 Bf8 43. Be1 Ke8 44. Bd2 Kd7 45. Kc4 Nb6+ 46. Kb3 Nd5 47. Ba5 Be7 48. Kc4 Ne3+ 49. Kd3 Nd5 50. Bd2 Bf8 51. Bd1 Kc7 52. Ba5+ Kd7 53. Ba4 Bb4 54. Bxb4 Nxb4+ 55. Ke4 Nd5 56. Bb3 Nc3+ 57. Kd3 Nxb5 58. Bc4 Nc7 59. Ke4 Ne8 60. Bb5+ Ke7 61. Bc4 Ng7 62. Be2 Ne8 63. Bf3 Nc7 64. Kd3 b6 65. Kc4 Kd7 66. Kb4 Kc8 67. Kc4 Kb8 68. Kb4 Ka7 69. Be4 Kb8 70. Bf3 Kc8 71. Be4 Kd7 72. Kc4 Kc8 73. Kb4 Kd7 1/2-1/2

[Event "AUT-ch Vor1 Internet"]
[Site "Playchess.com INT"]
[Date "2020.04.11"]
[Round "7"]
[White "Kilgus, Georg"]
[Black "Platzgummer, Fabian"]
[Result "0-1"]
[WhiteElo "2461"]
[BlackElo "2336"]
[PlyCount "86"]
[EventDate "2020.04.11"]
[EventType "swiss (blitz)"]
[EventRounds "9"]
[EventCountry "AUT"]
[SourceTitle "CBM 195 Extra"]
[Source "ChessBase"]
[SourceDate "2020.05.31"]
[SourceVersion "1"]
[SourceVersionDate "2020.05.31"]
[SourceQuality "1"]

1. e4 c5 2. Nf3 d6 3. Bb5+ Bd7 4. Bxd7+ Qxd7 5. 0-0 Nc6 6. c3 Nf6 7. Qe2 e6 8. d4 cxd4 9. cxd4 d5 10. e5 Ne4 11. Be3 Be7 12. Ne1 h6 13. f3 Ng5 14. Nd3 f5 15. Nd2 0-0 16. h3 Rfc8 17. Nc5 Bxc5 18. dxc5 d4 19. Bxg5 hxg5 20. Nc4 Qd5 21. Rac1 d3 22. Qe3 f4 23. Qf2 Nxe5 24. Nd6 Rc7 25. b4 Rd8 26. Rfd1 b6 27. Nb5 Rcd7 28. Rc3 a6 29. Nd6 bxc5 30. bxc5 Rb8 31. Ne4 Rb5 32. Kh2 Rc7 33. Rd2 Rb1 34. Nxg5 Rd7 35. Qh4 Qd4 36. Qh7+ Kf8 37. Qh8+ Ke7 38. Qxg7+ Ke8 39. Qg8+ Ke7 40. Qg7+ Ke8 41. Qg8+ Ke7 42. Qf7+ Nxf7 43. Nxe6 Kxe6 0-1

[Event "AUT-ch Vor1 Internet"]
[Site "Playchess.com INT"]
[Date "2020.04.11"]
[Round "1"]
[White "Platzgummer, Fabian"]
[Black "Poecksteiner, Johann"]
[Result "1-0"]
[WhiteElo "2336"]
[BlackElo "2155"]
[PlyCount "105"]
[EventDate "2020.04.11"]
[EventType "swiss (blitz)"]
[EventRounds "9"]
[EventCountry "AUT"]
[SourceTitle "CBM 195 Extra"]
[Source "ChessBase"]
[SourceDate "2020.05.31"]
[SourceVersion "1"]
[SourceVersionDate "2020.05.31"]
[SourceQuality "1"]

1. Nf3 Nf6 2. c4 c5 3. Nc3 Nc6 4. d3 d6 5. g3 g6 6. Bg2 Bg7 7. 0-0 0-0 8. Ne1 a6 9. Nc2 Bd7 10. a3 Rb8 11. Bd2 b5 12. cxb5 axb5 13. b4 cxb4 14. Nxb4 Nxb4 15. axb4 Ng4 16. Ra5 Qc7 17. Nd5 Qd8 18. Bg5 f6 19. Bd2 Ne5 20. Qb3 Kh8 21. Rc1 Nc6 22. Ra6 Nd4 23. Qd1 Bg4 24. f3 Bc8 25. Ra7 Rb7 26. Ra8 Qd7 27. e3 Nc6 28. f4 Rb8 29. Nxf6 Bxf6 30. Bxc6 Qc7 31. Rxb8 Qxb8 32. Qb3 Bg4 33. Kg2 Qc8 34. Kg1 Qb8 35. Bd5 Qa7 36. Kg2 Qd7 37. Kg1 h5 38. Bc6 Qa7 39. Bxb5 h4 40. Bc6 Kg7 41. b5 hxg3 42. hxg3 Qb6 43. Kg2 Rc8 44. Qd5 Rh8 45. Rh1 Rxh1 46. Kxh1 Qa7 47. Qb3 Qa1+ 48. Kg2 g5 49. fxg5 Be5 50. b6 d5 51. Qxd5 Bxg3 52. Kxg3 Qg1+ 53. Qg2 1-0

[Event "AUT-ch Vor1 Internet"]
[Site "Playchess.com INT"]
[Date "2020.04.11"]
[Round "2"]
[White "Schwarz, Christian1111"]
[Black "Platzgummer, Fabian"]
[Result "0-1"]
[WhiteElo "1948"]
[BlackElo "2336"]
[PlyCount "124"]
[EventDate "2020.04.11"]
[EventType "swiss (blitz)"]
[EventRounds "9"]
[EventCountry "AUT"]
[SourceTitle "CBM 195 Extra"]
[Source "ChessBase"]
[SourceDate "2020.05.31"]
[SourceVersion "1"]
[SourceVersionDate "2020.05.31"]
[SourceQuality "1"]

1. d4 d5 2. c4 c6 3. Qc2 Nf6 4. Nf3 g6 5. Bf4 Bg7 6. e3 Bf5 7. Qc1 0-0 8. Nc3 a6 9. Be2 b5 10. c5 Ne4 11. 0-0 Nd7 12. a4 b4 13. Nxe4 Bxe4 14. a5 Bxf3 15. Bxf3 e5 16. dxe5 Nxe5 17. Be2 Re8 18. Qd2 b3 19. Ra4 Nd7 20. Rc1 Qf6 21. Rc3 Nf8 22. Rxb3 Ne6 23. Bd6 Bf8 24. Rb6 Bxd6 25. cxd6 Rec8 26. Bxa6 Rd8 27. Bb7 Ra7 28. Qb4 c5 29. Qb5 d4 30. exd4 cxd4 31. Bf3 Qf4 32. h3 Qc1+ 33. Kh2 Qf4+ 34. Kg1 Qc1+ 35. Qf1 Qc2 36. b3 d3 37. a6 d2 38. Bd1 Qc5 39. Rab4 Rxd6 40. Rb8+ Kg7 41. R4b7 Raxa6 42. Qc4 Qxc4 43. bxc4 Ra1 44. Rb1 Rxb1 45. Rxb1 Rd4 46. Rb2 Nc5 47. Kf1 Ne4 48. g3 Nc3 49. Bf3 d1Q+ 50. Bxd1 Rxd1+ 51. Kg2 Rc1 52. Rd2 Ne4 53. Rd4 Nf6 54. Rf4 h5 55. Rd4 Rc2 56. Kf3 Nh7 57. Ke3 Ng5 58. Rf4 Nxh3 59. Rd4 Nxf2 60. c5 Ng4+ 61. Kd3 Rxc5 62. Rd7 Ne5+ 0-1